Administración de la cadena de suministro: estrategia, planeación y operación
Guardat en:
| Autors principals: | , |
|---|---|
| Format: | Llibre |
| Idioma: | espanyol |
| Publicat: |
Ciudad de México
Pearson Educación
2008
|
| Edició: | 3a. ed |
| Matèries: | |
| Etiquetes: |
Afegir etiqueta
Sense etiquetes, Sigues el primer a etiquetar aquest registre!
|
MARC
| LEADER | 00000cam a2200000 a 4500 | ||
|---|---|---|---|
| 001 | UCI8590 | ||
| 003 | CL-VaPUC | ||
| 005 | 20231218113559.0 | ||
| 008 | 080911e20080000MX |||||||||||||||||spa|d | ||
| 999 | |c 331412 |d 331410 | ||
| 020 | |a 9789702611929 | ||
| 040 | |c Pontificia Universidad Católica de Valparaíso | ||
| 082 | 0 | 4 | |a 658.7 |b CHO |2 21 |
| 100 | 0 | |a Chopra, Sunil |e author |9 532100 | |
| 245 | 1 | 0 | |a Administración de la cadena de suministro: estrategia, planeación y operación |
| 250 | |a 3a. ed | ||
| 260 | |a Ciudad de México |b Pearson Educación |c 2008 | ||
| 300 | |a 536 p | ||
| 583 | |a last modification |c 20180420 11:00:03 |k Rodrigo Vera | ||
| 650 | 0 | |a Transporte de mercancias |9 358742 | |
| 650 | 0 | |a Gestión de la producción |9 259467 | |
| 650 | 0 | |a Planificación estratégica |9 259735 | |
| 650 | 0 | |a Comercio electrónico |9 428366 | |
| 650 | 0 | |a Gestión de compras |9 882190 | |
| 700 | 0 | |a Meindl, Peter |e author |9 532101 | |
| 942 | |c BK |2 ddc | ||
| 945 | |d 20080911 00:00:00 |a jtorresc | ||
| 952 | |0 0 |1 0 |4 0 |6 658_700000000000000_CHO_2008 |7 0 |8 A |9 418055 |a BIBING |b BIBING |d 2019-11-22 |i 4481828 |o 658.7 CHO 2008 |p 4481828 |r 2025-01-20 |w 2019-11-22 |y BK |k TRA | ||
| 952 | |0 0 |1 0 |4 0 |6 658_700000000000000_CHO_2008 |7 0 |8 A |9 418056 |a BIBING |b BIBING |d 2019-11-22 |i 4481836 |o 658.7 CHO 2008 |p 4481836 |r 2025-01-20 |w 2019-11-22 |y BK |k TRA | ||
| 952 | |0 0 |1 0 |4 0 |6 658_700000000000000_CHO_2008 |7 0 |8 A |9 418057 |a BIBING |b BIBING |d 2019-11-22 |i 4481844 |l 1 |o 658.7 CHO 2008 |p 4481844 |q 2020-09-30 |r 2020-07-27 |s 2020-07-27 |w 2019-11-22 |y BK |k TRA | ||
| 952 | |0 0 |1 0 |4 0 |6 658_700000000000000_CHO_2008 |7 0 |8 A |9 418058 |a BIBING |b BIBING |d 2019-11-22 |i 4481852 |o 658.7 CHO 2008 |p 4481852 |r 2025-01-20 |w 2019-11-22 |y BK |k TRA | ||
| 952 | |0 0 |1 0 |4 0 |6 658_700000000000000_CHO_2008 |7 0 |8 A |9 418059 |a BIBING |b BIBING |d 2019-11-22 |i 4481860 |o 658.7 CHO 2008 |p 4481860 |r 2025-01-20 |w 2019-11-22 |y BK |k TRA | ||
| 952 | |0 0 |1 0 |4 0 |6 658_700000000000000_CHO_2008 |7 0 |8 A |9 418060 |a BIBENE |b BIBENE |d 2019-11-22 |i 4488857 |l 4 |o 658.7 CHO 2008 |p 4488857 |r 2025-01-15 |s 2024-08-13 |w 2019-11-22 |y BK |k ICO | ||
| 952 | |0 0 |1 0 |3 erb |4 0 |6 658_700000000000000_CHO_2008 |7 0 |8 A |9 418061 |a BIBING |b BIBING |i 5466792 |o 658.7 CHO 2008 |p 5466792 |r 2025-01-20 |w 2019-11-22 |y BK |z Catalogado en:20180422 |k TRA | ||